000 00767nam a2200205Ia 4500
003 GCL
008 140319s9999 xx 000 0 ara d
020 _a0362208977
040 _aGCL /
_cGCL
082 0 4 _a668
_bع م
100 1 _aعلى الدجوى
245 1 0 _aالموسوعة التكنولوجية لصناعة الصابون والمنظفات والشامبوهات ومواد التجميل وصناعة الروائح العطرية ومصادرها ومستحضراتها /
_cعلى الدجوى
250 _aالاولى
260 _aالقاهرة :
_bمكتبة مدبولى ،
_c2002
300 _a496 ص ؛
_c24 سم
650 0 4 _aالعطور
650 0 4 _aالصابون
650 0 4 _aالمنظفات الصناعية
942 _2ddc
_cBK
999 _c5351
_d5351